000 00685nam a2200289Ia 4500
005 20260324143146.0
008 008 260324s9999 xx 000 0 eng d
020 _a9781003510765
037 _aEBOOK
040 _aCRL
040 _beng
040 _cCRL
041 _2eng
041 _aeng
084 _qCRL
100 _aD. R. F. Taylor; Fiona Mackenzie
_91214606
245 0 _aDevelopment from Within
245 0 _bSurvival in Rural Africa
260 _bTaylor and Francis
260 _c1992
365 _a
365 _b180
856 _uhttp://www.taylorfrancis.com/books/9781003510765
942 _cEBOOK
999 _c1819674
_d1819674